Conversión de deuda externa y financiación del desarrollo en América Latina /

Gespeichert in:
Bibliographische Detailangaben
Weitere Verfasser: Bouzas, Roberto (HerausgeberIn), Ffrench-Davis Muñoz, Ricardo (HerausgeberIn)
Format: Text
Sprache:Spanish
Veröffentlicht: Buenos Aires : Grupo Editor Latinoamericano, 1990
Schriftenreihe:Colección Estudios Internacionales
Tags: Tag hinzufügen
Keine Tags, Fügen Sie den ersten Tag hinzu!

MARC

LEADER 00000 a a2200000 04500
003 cru CIDCACS/IIS
005 20220616135842.0
008 200813s1990 ag |||||r|||||||| ||spa|d
040 |c cru CIDCACS/IIS 
090 |a 10410.01-02  
100 1 |a Bouzas, Roberto  |9 9512  |e editor 
245 1 |a Conversión de deuda externa y financiación del desarrollo en América Latina /   |c Roberto Bouzas, Ricardo Ffrench Davis, editores 
260 |a Buenos Aires :   |b Grupo Editor Latinoamericano,  |c 1990 
300 |a 208 p; v. 212.191:  |b tablas 
440 0 |9 9513  |a Colección Estudios Internacionales  |n v. 212.191 
700 1 |a Ffrench-Davis Muñoz, Ricardo  |9 8178  |e editor 
942 |2 ddc  |c LI 
999 |c 43307  |d 43307